Quiz par thème à la manière de Questions pour un champion #3 - Statistiques

Statistiques générales
  • Ce quiz a été pris 68 fois
  • Le résultat moyen est 24 sur 64
Statistiques - réponses
Difficulté Tout sur l'automobile Réponse % Correct
1 Quel réseau social fondé par Mark Zuckerberg en 2004 a été d'abord réservé aux étudiants de Harvard ? Facebook
96%
2 Dans quelle ville se déroule le mythique Grand Prix de Formule 1 qui serpente entre les bâtiments dans les quartiers de La Condamine et Monte-Carlo ? Monaco
91%
2 Quel symbole est utilisé pour identifier un mot-clé ou sujet sur Twitter et Instagram ? Hashtag
88%
1 Quel symbole blanc, présent sur le logo de Snapchat, représente le caractère éphémère des messages envoyés sur l’application ? Fantôme
86%
1 Quelle marque de voiture est reconnaissable à son logo en forme de taureau furieux ? Lamborghini
77%
1 Quel est le terme médical désignant une inflammation de l'appendice, qui nécessite souvent une intervention chirurgicale ? Appendicite
75%
1 Quel constructeur automobile a sorti le modèle “2CV” en 1948, devenu un emblème en France ? Citroën
75%
1 Quelle série sud-coréenne a explosé sur Netflix en 2021 avec son jeu mortel de survie et sa tenue verte iconique ? Squid Game
72%
1 Quelle profession médicale est spécialisée dans l’étude des maladies du cœur ? Cardiologue
70%
1 Quel musée situé à Paris, abritant "Vénus de Milo" ou "La Joconde" est depuis plusieurs années le musée le plus visité du monde ? Le Louvre
70%
2 Quel terme désigne des images, vidéos ou phrases humoristiques, souvent modifiées par les internautes, et qui se propagent rapidement sur les réseaux sociaux ? Mème
70%
2 Quel est le nom des cellules sanguines responsables du transport de l'oxygène dans le corps humain ? Globules rouges
67%
2 Quel système, désormais courant dans les voitures modernes, permet de réduire la consommation grâce à un moteur électrique d’appoint ? Moteur hybride
65%
4 Quel ancien réseau social lancé en 2012, célèbre pour ses vidéos humoristiques de 6 secondes, a révélé de nombreux créateurs devenus stars comme Shawn Mendes ou Lele Pons ? Vine
65%
3 Avant de devenir TikTok, quel réseau social permettait principalement aux jeunes de se filmer en playback sur des chansons populaires, et a été racheté en 2017 par la société chinoise ByteDance ? Musical.ly
63%
1 Comment appelle-t-on la Déclaration adoptée en 1789 qui garantit les droits fondamentaux des citoyens français qui est liée à la Constitution ? La Déclaration des droits de l'homme et du citoyen
61%
2 Quelle mini-série, diffusée sur Netflix en 2020, suit l'histoire d'une jeune prodige des échecs, Elisabeth Harmon, qui lutte pour devenir la meilleure joueuse du monde tout en affrontant des problèmes personnels ? Le Jeu de la dame
61%
2 Quelle actrice incarne le rôle de Barbie dans le film du même nom, sorti en 2023, réalisé par Greta Gerwig ? Margot Robbie
61%
2 Comment appelle-t-on la procédure établis par la Constitution permettant au président de la République de consulter directement les citoyens par vote sur une question précise ? Référendum
61%
2 Quel organe est principalement responsable de la filtration du sang et de l’élimination des déchets dans le corps humain ? Rein
61%
1 Dans une série débutée en 2020, où l'on suit une Américaine du nom d'Emily qui déménage en France pour travailler dans le marketing d'une entreprise de luxe, quelle est la ville dans laquelle elle s'installe ? Paris
60%
1 Quel est le nom du compagnon de Barbie, introduit pour la première fois en 1961 ? Ken
56%
1 Quel article de la Constitution permet au gouvernement d’engager sa responsabilité devant l’Assemblée nationale sans vote ? L’article 49.3
56%
2 Dans la série "La Flamme", quel est le prénom du personnage principal, incarné par Jonathan Cohen, qui fait participer treize femmes à une compétition pour devenir sa future compagne ? Marc
56%
1 Dans quelle capitale européenne peut-on visiter le musée du Prado, qui expose des œuvres de Goya et Velázquez ? Madrid
51%
3 En quelle année la Constitution actuelle de la France a-t-elle été adoptée ? 1958
49%
3 Comment s'appelle l’hormone produite par le pancréas qui aide à réguler le taux de sucre dans le sang ? Insuline
47%
3 Quel est le nom du célèbre jeu vidéo multijoueur en ligne dans lequel se déroule l'univers de la série télévisée "Arcane", qui met en scène des personnages comme Jinx, Vi, et Jayce ? League of Legends
47%
2 En quelle année a eu lieu une révision constitutionnelle qui a introduit le quinquennat pour le mandat présidentiel ? 2000
44%
3 Comment s’appelle la voiture de James Bond dans de nombreux films, notamment célèbre pour ses gadgets ? Aston Martin DB5
37%
1 Quelle entreprise américaine est à l'origine de la création de la poupée Barbie en 1959 ? Mattel
35%
3 Quel est le terme utilisé pour décrire la concentration de glucose dans le sang ? Glycémie
32%
1 Quel chanteur est surnommé "l'idole des jeunes" et a fait partie du mouvement yéyé ? Johnny Hallyday
32%
3 Quel ancien réseau social populaire entre 2005 et 2010 permettait aux utilisateurs de classer leurs amis selon un "Top 8" ? Myspace
32%
4 Quel réseau social lancé par Google en 2011 a échoué face à Facebook et fermé en 2019 ? Google+
30%
3 Dans quelle série Marvel de 2021 retrouve-t-on la Sorcière rouge et Vision dans un univers inspiré des sitcoms ? WandaVision
30%
4 Quel article de la Constitution donne des pouvoirs exceptionnels au président de la République en période de crise ? Article 16
28%
3 Quel musée britannique abrite la pierre de Rosette, qui a permis de déchiffrer les hiéroglyphes ? British Museum
25%
2 Quel groupe de musique a collaboré avec l'entreprise de Barbie en 2005 pour la création de poupées à leur effigie, incluant les membres Beyoncé Knowles, Kelly Rowland et Michelle Williams ? Destiny’s Child
21%
1 Qui est l'interprète du célèbre tube "Tous les garçons et les filles", chanson emblématique des yéyés ? Françoise Hardy
21%
4 Dans quelle série dystopique de 2022 un employé accepte de scinder sa mémoire entre vie professionnelle et personnelle ? Severance
21%
4 Quel est le pays d'origine de la poupée Lilli produite entre 1955 et 1961, qui a inspiré la création de Barbie ? Allemagne
16%
3 Dans quelle ville américaine se trouve l'Art Institute, le musée abritant notamment le tableau "American Gothic" de Grant Wood ? Chicago
16%
2 Quel musée de New York, connu pour son architecture en spirale, a été conçu par Frank Lloyd Wright en 1959 ? Guggenheim Museum
16%
2 Quel groupe français composé notamment d'Eddy Mitchell et William Bennaïm est considéré comme l'un des pionniers du mouvement yéyé avec la chanson "Le Twist" ? Les Chaussettes noires
14%
2 Quelle émission radiophonique emblématique des années yéyé, lancée en 1959 sur Europe 1, a popularisé de nombreux artistes comme Johnny Hallyday et Sylvie Vartan ? Salut les copains
14%
4 Avec plus de 50 millions d'exemplaires écoulés depuis son lancement en 1966, quelle voiture d'origine japonaise a été la plus vendue au monde ? Toyota Corolla
14%
2 Quel musée situé à Saint-Pétersbourg, installé dans l'ancien palais d'Hiver, possède l'une des plus grandes collections d'art au monde ? L'Ermitage
12%
4 Quel est le nom des membranes qui enveloppent le cerveau et la moelle épinière, offrant une protection contre les blessures et les infections ? Méninges
12%
3 Dans quelle ville de Normandie, le général de Gaulle en 1946, prononce deux discours où il présente sa vision d’une nouvelle Constitution avec un pouvoir exécutif fort, et préfigure celle de la Cinquième République ? Bayeux
11%
4 Quel chanteur et compositeur français, mari de Chantal Goya, a écrit des chansons pour Johnny Hallyday et Sylvie Vartan avant de connaître le succès avec "Redeviens Virginie" ? Jean-Jacques Debout
11%
4 Qui est le président du Conseil constitutionnel français depuis le 8 mars 2025, créée par la Constitution qui se prononce sur la conformité à la Constitution des lois, des traités et des règlements intérieurs des assemblées parlementaires ? Richard Ferrand
11%
4 Quelle voiture emblématique des années 60 a été conçue par Ford pour battre Ferrari au Mans, et a remporté la course en 1966 ? Ford GT40
7%
3 Quel était le premier métier exercé par la poupée Barbie, avec un modèle lancé en 1965 ? Astronaute
5%
4 Dans quel musée italien, peut-on admirer une collection d'œuvre de Botticelli comme "La Naissance de Vénus" ou "Le Printemps" ? Galerie des Offices
5%
4 En 2023, quelle série Netflix, créée par Mike Flanagan, est inspirée de l'œuvre d'Edgar Allan Poe et raconte l'histoire de Roderick, PDG d'une entreprise pharmaceutique, qui perd ses six enfants en l'espace de deux semaines ? La Chute de la maison Usher
5%
4 Quel est le nom de famille de Barbie et ses soeurs Skipper, Stacie et Chelsea dans la série d'animation de Netflix "Barbie Dreamhouse Adventures" ? Roberts
5%
3 Quel chanteur yéyé a connu le succès dans les années 60 avec "Ma biche" et plusieurs adaptations françaises de chansons des Beatles comme "Je veux prendre ta main" ? Frank Alamo
4%
3 Quelle danse, lancée par Johnny Hallyday à l’Olympia en 1962, porte le nom d’un plat à base de pommes de terre ? Mashed potatoes
4%
3 Quel personnage, lancé en 1963 comme la meilleure amie de Barbie, et connu pour sa chevelure rousse et ses taches de rousseur, a eu une version enceinte dans la ligne Happy Family ? Midge Hadley
4%
4 Quelle maladie est causée par une carence en vitamine D et entraîne une fragilité des os chez le nourrisson et le jeune enfant ? Rachitisme
4%
3 Quel modèle de voiture est surnommé “la DeLorean” dans la trilogie “Retour vers le futur” ? DMC-12
2%
4 Comment s'appelle la première discothèque rock de Paris surnommée le « Temple du rock » où des artistes membres des yéyés se sont produits comme Dick Rivers ou Sheila ? Golf-Drouot
2%
4 Dans quel musée se trouve "La Jeune Fille à la perle" de Vermeer, aux Pays-Bas ? Mauritshuis
2%
Aucun quiz correspondant
Distribution des résultats
% des personnes avec chaque résultat
Percentile par nombre de réponses
Votre historique - résultats
Vous n’avez pas pris ce quiz